• 首页
  • 本馆介绍
  • 公告通知
  • 最新文献
  • 馆藏检索
  • 电子资源
  • 读者导购
  • 参考咨询
  • 我的图书馆
  • 登录
  • 详细信息显示
  • 放入我的书架
  • 预约/预借图书
  • 作者相关作品
  • 分类相关作品
  • 丛书相关作品
  • 出版社相关作品

书目信息

  • 表格格式
  • 工作单格式
  • 卡片格式
书名: A dictionary of literary terms
作者: J. A. Cuddon.
分册号:
分册名:
出版地: London :
 
出版社: A. Deutsch
出版时间: 1979.
页数: 761 p. ;
开本: 23 cm.
丛书名:
中图分类号:
科图分类号:
其他分类号: I04
主题词:
电子资源:
000 00887cam 2200313 i 45x0
001 E0752695173
003 OCoLC
005 20070305171240.37
008 791120s1979 enk d 000 0 eng
010    @a 79320298 //r914
015    @aGB***
020    @a0233970886.
040    @aDLC@cDLC
050 00 @aPN41@b.C83 1979
082 00 @a803
090    @aK104.2/W6
090    @aI04
099    @dI04@ex15
100 1  @aCuddon, J. A.@q(John Anthony),@d1928-
245 12 @aA dictionary of literary terms / @cJ. A. Cuddon.
250    @aRev. ed.
260    @aLondon :@bA. Deutsch,@c1979.
300    @a761 p. ;@c23 cm.
490 1  @aThe Language Library
650  0 @aLiterature@xTerminology.
650  0 @aCriticism@xTerminology.
650  0 @aLiterary form@xTerminology.
650  0 @aEnglish language@xTerms and phrases.
830  0 @aLanguage library.
    
    A dictionary of literary terms / / J. A. Cuddon.-Rev. ed.-London : : A. Deutsch, , 1979.
    761 p. ; ; 23 cm.- (The Language Library )
    
    
    ISBN 0233970886.
    
●
相关链接 在E读中查询图书 在五车中查询图书 在当当中查询图书 在豆瓣中查询图书


正题名:dictionary of literary terms     索取号:I04/x15         预约/预借

序号 登录号 条形码 馆藏地/架位号 状态 备注
1 0000060   300000601   第四借阅区/ [索取号:I04/x15] 在馆    
唐山师范学院图书馆 欢迎您!
大连网信软件有限公司© 版权所有